000 00424nam a2200181Ia 4500
001 24209
005 20260414151028.0
008 260414t1989||||xx |||||||||||||| ||spa||
041 _aESP
082 _a792.84
_bP27
100 _aPastori, Jean-Pierre
_eAUT
245 0 _aDanza y ballet en Suiza
_b
260 _c1989
300 _a101 páginas :
_c21 cm.
650 _aABD
654 _aCAU
942 _cLIB
_dJUS
_fJUS
_2ddc
_n
999 _c24209
_d24209